[Event "Autumn Cup 2024 Round Robin B"]
[Site "Wellington Chess Club"]
[Date "2024.06.13"]
[Round "4.1"]
[White "Jackson, L Ross"]
[Black "Nicholls, Leighton"]
[Result "1/2-1/2"]
[WhiteElo "1939"]
[BlackElo "1973"]
[WhiteFideId "4301501"]
[BlackFideId "4303776"]
[PlyCount "0"]
[EventDate "2024.05.23"]
[SourceDate ""]

1. d4 Nf6 2. c4 c5 3. d5 b5 4. cxb5 a6 5. bxa6 g6 6. g3 Bg7 7. Bg2 d6 8. Nf3
Bxa6 9. O-O O-O 10. Nc3 Nbd7 11. Qc2 Qb6 12. Rd1 Rfb8 13. Rb1 Ng4 14. h3 Nge5
15. Nxe5 Bxe5 16. Bf1 Qa5 17. Bd2 Nb6 18. b3 c4 19. e4 cxb3 20. Qxb3 Nd7 21.
Nb5 Qb6 22. Be3 Nc5 23. Bxc5 dxc5 24. a4 Bc8 25. Kg2 Kg7 26. f4 Bc7 27. Qc3+
Kg8 28. Nxc7 Qxc7 29. Rxb8 Rxb8 30. Bb5 Bd7 31. Ra1 Bxb5 32. axb5 Rxb5 33. Ra8+
Rb8 34. Rxb8+ Qxb8 35. Qxc5 Qb2+ 36. Qf2 Qb1 37. Qe2 Kg7 38. g4 Qb3 39. Qd2 Qc4
40. Qe3 Qc2+ 41. Kg3 Qd1 42. h4 h5 43. gxh5 gxh5 44. Qf3 Qg1+ 45. Kh3 Kh6 46.
e5 Qd4 47. Kg2 Qd2+ 48. Kh3 Qd4 49. Qg3 Qd1 50. Qg5+ Kh7 51. Qf5+ Kg7 52. Qe4
Qg4+ 53. Kh2 Qxh4+ 54. Kg1 Kf8 1/2-1/2

[Event "Autumn Cup 2024 Round Robin B"]
[Site "Wellington Chess Club"]
[Date "2024.06.13"]
[Round "4.2"]
[White "Timergazi, Layla"]
[Black "Sellen, Ian"]
[Result "1-0"]
[WhiteElo "2186"]
[BlackElo "1999"]
[WhiteFideId "4303733"]
[BlackFideId "4300610"]
[PlyCount "0"]
[EventDate "2024.05.23"]
[SourceDate ""]

1. d4 d5 2. Nc3 e6 3. Bf4 Bd6 4. Bg3 Nf6 5. e3 O-O 6. Bd3 Re8 7. Nf3 Nc6 8. Ne5
Ne7 9. Bh4 Ng6 10. Bxg6 hxg6 11. Qf3 c5 12. O-O-O cxd4 13. exd4 Be7 14. Bg5 Rf8
15. h4 Nh7 16. Bxe7 Qxe7 17. h5 g5 18. h6 g6 19. Qd3 Qf6 20. g4 Rd8 21. Rh3 Qe7
22. Rf3 Nf6 23. Nxg6 fxg6 24. Qxg6+ Kh8 25. Qxf6+ Qxf6 26. Rxf6 1-0

[Event "Autumn Cup 2024 Round Robin B"]
[Site "Wellington Chess Club"]
[Date "2024.06.13"]
[Round "4.3"]
[White "Young, Cohen"]
[Black "Winsley, Nicholas"]
[Result "1/2-1/2"]
[WhiteElo "2083"]
[BlackElo "2067"]
[WhiteFideId "4317440"]
[BlackFideId "4315146"]
[PlyCount "0"]
[EventDate "2024.05.23"]
[SourceDate ""]

1. e4 e5 2. Nf3 Nc6 3. Bb5 a6 4. Ba4 Nf6 5. O-O Nxe4 6. d4 b5 7. Bb3 d5 8. dxe5
Be6 9. Nbd2 Bc5 10. Qe2 Nxd2 11. Bxd2 h6 12. Rad1 Qd7 13. Be3 Bxe3 14. Qxe3 Na5
15. Nd4 O-O 16. Qc3 Nc4 17. Bxc4 bxc4 18. b4 Qa4 19. f4 a5 20. b5 Qb4 21. Qg3
Bd7 22. c3 Qc5 23. f5 Kh7 24. e6 fxe6 25. Qg6+ Kg8 26. fxe6 Be8 27. Rxf8+ Qxf8
28. Qg3 Qe7 29. Nf5 Qf6 30. Rxd5 c6 31. Rc5 Rd8 32. h3 cxb5 33. Rc7 g5 34. Qf3
Qxe6 35. Ne7+ Kh7 36. Nd5+ Kg8 37. Ne7+ Kh7 38. Nd5+ Kg8 39. Ne7+ Kh7 1/2-1/2

[Event "Autumn Cup 2024 Round Robin B"]
[Site "Wellington Chess Club"]
[Date "2024.06.20"]
[Round "5.1"]
[White "Winsley, Nicholas"]
[Black "Jackson, L Ross"]
[Result "1/2-1/2"]
[WhiteElo "2067"]
[BlackElo "1939"]
[WhiteFideId "4315146"]
[BlackFideId "4301501"]
[PlyCount "0"]
[EventDate "2024.05.23"]
[SourceDate ""]

1. e4 d5 2. exd5 Qxd5 3. Nc3 Qd6 4. d4 c6 5. Bc4 Nf6 6. Nge2 Bg4 7. O-O e6 8.
f3 Bf5 9. Be3 Be7 10. Ng3 Bg6 11. Nce4 Qc7 12. Qd2 Nd5 13. Bf2 Nd7 14. Ne2 N7f6
15. Bd3 O-O 16. c3 Rad8 17. Qc2 Nxe4 18. fxe4 Nb6 19. b4 Bd6 20. Ng3 e5 21. Nf5
Bxf5 22. exf5 exd4 23. f6 g6 24. Bxd4 Bxh2+ 25. Kh1 Be5 26. Qd2 Bxd4 27. cxd4
Rd5 28. g4 Qg3 29. Qh6 Rh5+ 30. gxh5 Qh3+ 31. Kg1 Qg3+ 1/2-1/2

[Event "Autumn Cup 2024 Round Robin B"]
[Site "Wellington Chess Club"]
[Date "2024.06.20"]
[Round "5.2"]
[White "Sellen, Ian"]
[Black "Young, Cohen"]
[Result "0-1"]
[WhiteElo "1999"]
[BlackElo "2083"]
[WhiteFideId "4300610"]
[BlackFideId "4317440"]
[PlyCount "0"]
[EventDate "2024.05.23"]
[SourceDate ""]

1. c4 e5 2. Nc3 Nf6 3. g3 c6 4. d4 e4 5. d5 Bb4 6. Bd2 O-O 7. Nxe4 Nxe4 8. Bxb4
Qf6 9. Nf3 Re8 10. Bg2 Qxb2 11. Rb1 Qxa2 12. O-O Qxc4 13. Qb3 Qxb3 14. Rxb3 c5
15. Nd2 Nxd2 16. Bxd2 b6 17. Ra1 Bb7 18. e4 d6 19. Bf4 Rd8 20. Bh3 Kf8 21. Rf3
Ke7 22. Re1 f6 23. e5 dxe5 24. Bxe5 Kf8 25. Bc7 Rxd5 26. Rfe3 Na6 27. Re7 Bc6
28. Bg2 Nb4 29. Bxd5 Nxd5 30. R7e6 Re8 31. Bd6+ Kf7 32. Rxe8 Bxe8 33. f4 c4 34.
Kf2 c3 35. Ke2 Bb5+ 36. Kd1 Bd3 37. Kc1 Bf5 38. Rd1 Ke6 39. Ba3 b5 40. Re1+ Kd7
41. Bf8 a5 42. Rd1 Kc6 43. Bxg7 Nb4 0-1

[Event "Autumn Cup 2024 Round Robin B"]
[Site "Wellington Chess Club"]
[Date "2024.06.20"]
[Round "5.3"]
[White "Nicholls, Leighton"]
[Black "Timergazi, Layla"]
[Result "1-0"]
[WhiteElo "1973"]
[BlackElo "2186"]
[WhiteFideId "4303776"]
[BlackFideId "4303733"]
[PlyCount "0"]
[EventDate "2024.05.23"]
[SourceDate ""]

1. f4 d5 2. Nf3 g6 3. g3 h5 4. Bg2 Bg7 5. O-O Nh6 6. d3 Bg4 7. c3 c6 8. Na3
Qb6+ 9. d4 Bxf3 10. Bxf3 Nf5 11. e4 dxe4 12. Bxe4 Nd6 13. Bf3 Nd7 14. Qb3 O-O-O
15. Be3 Nf5 16. Nc4 Qxb3 17. axb3 Nb6 18. Bf2 Nxc4 19. bxc4 a6 20. Rfe1 e6 21.
Rad1 Kc7 22. d5 exd5 23. cxd5 Rhe8 24. dxc6 Rxe1+ 25. Rxe1 bxc6 26. Rd1 Rb8 27.
Rd2 Nd6 28. Be2 Ne4 29. Rc2 Nxf2 30. Kxf2 a5 31. Bc4 f6 32. Bf7 g5 33. fxg5
fxg5 34. Bxh5 Be5 35. Kf3 a4 36. Kg4 Bf6 37. Rf2 Be7 38. Bg6 Rb3 39. Bf7 Rb8
40. h4 gxh4 41. gxh4 Rf8 42. h5 Bd6 43. Rf5 Kd7 44. Kg5 Be7+ 45. Kg6 Rb8 46. h6
Rxb2 47. h7 Rh2 48. Kg7 Rg2+ 49. Bg6 Ke6 1-0

[Event "Autumn Cup 2024 Round Robin C"]
[Site "Wellington Chess Club"]
[Date "2024.05.23"]
[Round "1.1"]
[White "Tanoi, T Edward"]
[Black "Thirkell, Zachary"]
[Result "0-1"]
[WhiteElo "1915"]
[BlackElo "1830"]
[WhiteFideId "4302087"]
[BlackFideId "4322207"]
[PlyCount "0"]
[EventDate "2024.05.23"]
[SourceDate ""]

1. e4 c6 2. d4 d5 3. exd5 cxd5 4. c4 Nf6 5. Nc3 Nc6 6. Bd3 a6 7. cxd5 Nxd5 8.
Nf3 Bg4 9. O-O e6 10. Be4 Nf6 11. Bg5 Be7 12. Bxf6 Bxf6 13. Qa4 Bxf3 14. Bxf3
O-O 15. Rad1 b5 16. Qc2 Nxd4 17. Qe4 Nxf3+ 18. Qxf3 Qe7 19. Rd2 Bxc3 20. Qxc3
Rfd8 21. Rc2 h6 22. Qa5 Qd6 23. h3 Rac8 24. Re2 Rc6 25. Rfe1 Qc7 26. Qa3 a5 27.
b4 a4 28. Re5 Qb6 29. Qf3 Rc2 30. a3 Rdd2 31. Qa8+ Kh7 32. Qe4+ g6 33. Qe3 Qxe3
34. R1xe3 Rxf2 35. Rxb5 Rxg2+ 36. Kf1 Rcf2+ 37. Ke1 Ra2 38. Kf1 Rgb2 39. Rb7
Rb1+ 40. Re1 Rxe1+ 41. Kxe1 Kg7 42. h4 Rxa3 43. Ra7 Rh3 44. Rxa4 Rxh4 45. Kd2
Rc4 46. Kd3 Rc7 47. b5 Kf6 48. Kd4 h5 49. b6 Rb7 50. Kc5 g5 51. Kc6 Rb8 52. Kc7
Re8 53. Kd7 Re7+ 54. Kd6 h4 55. Ra8 Rb7 56. Kc6 Rxb6+ 57. Kxb6 g4 58. Kc5 Ke5
59. Kc4 Ke4 60. Kc3 h3 61. Rh8 Ke3 62. Kc2 f5 63. Rh6 Kf2 64. Kd2 f4 65. Rxe6
f3 66. Rh6 Kg2 67. Rh4 g3 0-1

[Event "Autumn Cup 2024 Round Robin C"]
[Site "Wellington Chess Club"]
[Date "2024.06.27"]
[Round "1.2"]
[White "Benitez, Edgar"]
[Black "Keith, Matthew"]
[Result "0-1"]
[WhiteElo "1906"]
[BlackElo "1846"]
[WhiteFideId "4301315"]
[BlackFideId "4320913"]
[PlyCount "0"]
[EventDate "2024.05.23"]
[SourceDate ""]

1. d4 Nf6 2. c4 e6 3. Nf3 Bb4+ 4. Bd2 Qe7 5. Nc3 b6 6. e3 O-O 7. Be2 Bb7 8. O-O
d5 9. a3 Bxc3 10. Bxc3 Ne4 11. Be1 Nd6 12. c5 Ne4 13. b4 c6 14. Rc1 Nd7 15. Bd3
f5 16. b5 bxc5 17. dxc5 Rfc8 18. bxc6 Rxc6 19. Bb5 Rxc5 20. Bb4 Rxc1 21. Qxc1
Qd8 22. Nd4 Rc8 23. Qa1 Nec5 24. Rc1 e5 25. Nxf5 Qf6 26. Bxd7 Nb3 27. Rxc8+
Bxc8 28. Qc3 Bxd7 29. Ne7+ Kf7 30. Qxb3 Be6 31. Qb2 d4 32. exd4 exd4 33. Nc6
Bd5 34. Nxd4 Qg5 35. f4 Qg4 36. Qe2 Qxf4 37. Qe7+ Kg6 38. Qd6+ 0-1

[Event "Autumn Cup 2024 Round Robin C"]
[Site "Wellington Chess Club"]
[Date "2024.05.23"]
[Round "1.3"]
[White "Ulm, Joy"]
[Black "Malcolm, Aidan"]
[Result "0-1"]
[WhiteElo "1888"]
[BlackElo "1858"]
[WhiteFideId "4321081"]
[BlackFideId "4315073"]
[PlyCount "0"]
[EventDate "2024.05.23"]
[SourceDate ""]

1. d4 e6 2. c4 f5 3. g3 Nf6 4. Bg2 Be7 5. Nc3 O-O 6. Nf3 d6 7. O-O Ne4 8. Qc2
Nxc3 9. Qxc3 a5 10. Re1 Bf6 11. e4 e5 12. dxe5 dxe5 13. Qc2 fxe4 14. Qxe4 Nc6
15. Be3 Qe8 16. Rad1 Qh5 17. Bc5 Re8 18. h4 Bf5 19. Qe3 Bg4 20. Rd2 b6 21. Ba3
e4 22. Nh2 Bf3 23. Bh3 Ne5 24. b3 Bxh4 25. gxh4 Qxh4 26. Bg2 Bxg2 27. Kxg2 Re6
28. Qxe4 Qg5+ 29. Kf1 Rae8 30. Rde2 c6 31. Qg2 Qf5 32. Bb2 Rg6 33. Rxe5 Qd3+
34. R1e2 Rxe5 35. Qf3 Qd1+ 0-1

[Event "Autumn Cup 2024 Round Robin C"]
[Site "Wellington Chess Club"]
[Date "2024.05.30"]
[Round "2.1"]
[White "Thirkell, Zachary"]
[Black "Malcolm, Aidan"]
[Result "1-0"]
[WhiteElo "1830"]
[BlackElo "1858"]
[WhiteFideId "4322207"]
[BlackFideId "4315073"]
[PlyCount "0"]
[EventDate "2024.05.23"]
[SourceDate ""]

1. d4 Nf6 2. Bg5 d5 3. e3 c5 4. c3 Qb6 5. Qc1 Nc6 6. Nd2 e5 7. dxe5 Nxe5 8.
Ngf3 Nxf3+ 9. Nxf3 Ne4 10. Bf4 f6 11. h4 Bd6 12. Bxd6 Nxd6 13. Bd3 Bg4 14. Nh2
Be6 15. Qd2 O-O-O 16. O-O-O Qa5 17. a3 Kb8 18. Nf3 Nb5 19. c4 Qxd2+ 20. Nxd2
dxc4 21. Bxc4 Bxc4 22. Nxc4 Kc7 23. Rxd8 Rxd8 24. Rd1 Rxd1+ 25. Kxd1 Nd6 26.
Nd2 Kc6 27. Ke2 Kd5 28. Kd3 b5 29. e4+ Ke5 30. Ke3 Nb7 31. f4+ Ke6 32. g4 a5
33. b3 Nd6 34. Kd3 g6 35. a4 bxa4 36. bxa4 h6 37. Nc4 Nb7 38. f5+ gxf5 39.
gxf5+ Ke7 40. Ke3 h5 41. Kf4 Kf7 42. e5 Ke7 43. e6 Ke8 44. Ke4 Ke7 45. Kd5 Ke8
46. Kc6 Nd8+ 47. Kxc5 Ke7 48. Nxa5 1-0

[Event "Autumn Cup 2024 Round Robin C"]
[Site "Wellington Chess Club"]
[Date "2024.05.30"]
[Round "2.2"]
[White "Keith, Matthew"]
[Black "Ulm, Joy"]
[Result "0-1"]
[WhiteElo "1846"]
[BlackElo "1888"]
[WhiteFideId "4320913"]
[BlackFideId "4321081"]
[PlyCount "0"]
[EventDate "2024.05.23"]
[SourceDate ""]

1. d4 Nf6 2. Nf3 e6 3. Bf4 c5 4. e3 Nc6 5. c3 Be7 6. Bd3 O-O 7. Nbd2 d5 8. Ne5
Qb6 9. Rb1 cxd4 10. exd4 Bd6 11. Qe2 Qc7 12. O-O a6 13. Bg3 b5 14. a3 Na5 15.
Ng4 Nxg4 16. Qxg4 Nc4 17. Bxd6 Qxd6 18. Nxc4 bxc4 19. Bc2 Bd7 20. f4 Rfe8 21.
f5 exf5 22. Bxf5 Bxf5 23. Qxf5 Qe6 24. Rbe1 Qxf5 25. Rxe8+ Rxe8 26. Rxf5 Rd8
27. Re5 Kf8 28. Kf1 Rd6 29. Ke1 f6 30. Re2 a5 31. a4 Kf7 32. Kd2 Re6 33. Rf2 g6
34. g3 h5 35. Rf4 Rb6 36. Kc2 g5 37. Rf2 Re6 38. b4 cxb3+ 39. Kxb3 Rb6+ 40. Kc2
Rc6 41. h4 Kg6 42. Rf3 Re6 43. Kd2 Re7 44. c4 dxc4 45. Kc3 g4 46. Rf2 Re3+ 47.
Kxc4 Rxg3 48. d5 Re3 49. d6 Kf7 50. d7 Ke7 51. Rd2 Kd8 52. Kb5 Re5+ 53. Kc6 g3
54. Rb2 Re6+ 55. Kd5 Kxd7 56. Rb7+ Kc8 57. Rg7 Re3 58. Kc6 Rc3+ 59. Kb6 f5 60.
Kxa5 Rb3 61. Ka6 f4 62. a5 Rb2 63. Ka7 g2 64. Rg8+ Kd7 65. a6 f3 66. Ka8 Ra2
67. a7 Kd6 68. Rd8+ Ke5 0-1

[Event "Autumn Cup 2024 Round Robin C"]
[Site "Wellington Chess Club"]
[Date "2024.05.30"]
[Round "2.3"]
[White "Tanoi, T Edward"]
[Black "Benitez, Edgar"]
[Result "0-1"]
[WhiteElo "1915"]
[BlackElo "1906"]
[WhiteFideId "4302087"]
[BlackFideId "4301315"]
[PlyCount "0"]
[EventDate "2024.05.23"]
[SourceDate ""]

1. d4 g6 2. Nc3 Bg7 3. e4 d6 4. Be3 c6 5. Qd2 h5 6. Nf3 Qc7 7. Be2 Bd7 8. h3 b5
9. Bd3 a5 10. e5 d5 11. Ng5 Nh6 12. e6 Bxe6 13. Nxe6 fxe6 14. Bxg6+ Kd7 15. O-O
Na6 16. Bf4 e5 17. dxe5 e6 18. Rfe1 Raf8 19. Rad1 Kc8 20. a4 b4 21. Ne2 Nf5 22.
Bxf5 Rxf5 23. Nd4 Qf7 24. Be3 Rxe5 25. Nxc6 Re4 26. b3 Bc3 27. Qd3 Nc7 28. Rf1
Rg8 29. Na7+ Kb7 30. Nb5 Qf3 31. Bg5 Qxd3 32. cxd3 Re2 33. Nxc7 Kxc7 34. Bh4
Kd6 35. Bg3+ Kd7 36. Kh2 e5 37. h4 Rg4 38. Kh3 Ke6 39. f4 exf4 40. Rxf4 Rxf4
41. Bxf4 Be5 42. Rd2 Re1 43. Kg3 Kf5 44. Kf2 Rb1 45. Bg5 Bf4 46. Bxf4 Kxf4 47.
Rc2 Rxb3 48. Rc5 Rxd3 49. Rxa5 Rd2+ 50. Ke1 Ke3 51. Rb5 Rb2 52. Rxd5 Rxg2 53.
Re5+ Kd3 54. Rxh5 b3 55. Kf1 Rg4 56. Rb5 Kc3 57. Ke1 b2 0-1

[Event "Autumn Cup 2024 Round Robin C"]
[Site "Wellington Chess Club"]
[Date "2024.06.07"]
[Round "3.1"]
[White "Benitez, Edgar"]
[Black "Thirkell, Zachary"]
[Result "0-1"]
[WhiteElo "1906"]
[BlackElo "1830"]
[WhiteFideId "4301315"]
[BlackFideId "4322207"]
[PlyCount "0"]
[EventDate "2024.05.23"]
[SourceDate ""]

1. d4 d5 2. Nc3 Nf6 3. Bf4 c6 4. e3 Nbd7 5. Nf3 e6 6. h3 Be7 7. Be2 O-O 8. O-O
b5 9. a3 Qb6 10. b4 a5 11. Rb1 axb4 12. axb4 Ra3 13. Qe1 Bb7 14. g4 Rfa8 15. g5
Ne8 16. h4 Nd6 17. Bd3 Qd8 18. Ne2 f5 19. Nc1 Ne4 20. Nb3 Qf8 21. Nc5 Nexc5 22.
bxc5 Qe8 23. Be2 Bc8 24. Kh2 g6 25. Rh1 Bf8 26. Qg1 Bg7 27. Qg3 e5 28. Nxe5
Bxe5 29. Bxe5 Nxe5 30. Qxe5 Qxe5+ 31. dxe5 R8a4 32. Kg2 f4 33. h5 fxe3 34. hxg6
hxg6 35. Rh6 Bf5 36. Rbh1 Kf7 37. Rh8 Bxc2 38. R1h7+ Ke6 39. Re8+ Kf5 40. e6
Ra8 41. Rhh8 Rxe8 42. Rxe8 Kxg5 43. e7 Kf6 44. Rc8 Kxe7 45. Rxc6 d4 46. Rd6 d3
47. Bxd3 Rxd3 48. Rxg6 e2 0-1

[Event "Autumn Cup 2024 Round Robin C"]
[Site "Wellington Chess Club"]
[Date "2024.06.07"]
[Round "3.3"]
[White "Malcolm, Aidan"]
[Black "Keith, Matthew"]
[Result "1/2-1/2"]
[WhiteElo "1858"]
[BlackElo "1846"]
[WhiteFideId "4315073"]
[BlackFideId "4320913"]
[PlyCount "0"]
[EventDate "2024.05.23"]
[SourceDate ""]

1. d4 Nf6 2. c4 e6 3. Nc3 Bb4 4. e3 O-O 5. Ne2 Ne4 6. Qc2 f5 7. a3 Bxc3+ 8.
Nxc3 Nf6 9. Bd3 b6 10. e4 Nc6 11. Ne2 fxe4 12. Bxe4 Nxe4 13. Qxe4 Ba6 14. b3
Qf6 15. O-O Rad8 16. Bb2 Na5 17. Qc2 d5 18. Rae1 dxc4 19. d5 Qf5 20. Qc3 Rf7
21. Nd4 Qxd5 22. Nxe6 cxb3 23. Nxg7 Bxf1 24. Rxf1 Nc4 25. Ne6 Nxb2 26. Qg3+ Kh8
27. Qc3+ Kg8 28. Qg3+ 1/2-1/2

[Event "Autumn Cup 2024 Round Robin C"]
[Site "Wellington Chess Club"]
[Date "2024.06.13"]
[Round "4.1"]
[White "Thirkell, Zachary"]
[Black "Keith, Matthew"]
[Result "1-0"]
[WhiteElo "1830"]
[BlackElo "1846"]
[WhiteFideId "4322207"]
[BlackFideId "4320913"]
[PlyCount "0"]
[EventDate "2024.05.23"]
[SourceDate ""]

1. d4 Nf6 2. Bg5 e6 3. e3 d5 4. Bd3 c5 5. c3 Be7 6. Nd2 Nc6 7. f4 h6 8. Bh4 Qb6
9. Qb3 Ng4 10. Bxe7 Kxe7 11. Qxb6 axb6 12. Ke2 g5 13. g3 f5 14. Ngf3 cxd4 15.
exd4 gxf4 16. gxf4 Bd7 17. h3 Nf6 18. Ne5 Nxe5 19. fxe5 Nh5 20. Kf2 Rhg8 21. a3
Rg7 22. Rag1 Rag8 23. Rxg7+ Rxg7 24. Rg1 Rxg1 25. Kxg1 Be8 26. Kf2 Nf4 27. Bf1
h5 28. Kg3 Ng6 29. Nf3 Bf7 30. Ne1 Kf8 31. Ng2 Kg7 32. h4 Be8 33. Nf4 Nxf4 34.
Kxf4 Kg6 35. c4 Bc6 36. b4 Bd7 37. cxd5 exd5 38. Bg2 Be6 39. a4 Kh6 40. Bf1 Kg6
41. Bb5 Kh6 42. Be8 Bc8 43. Bf7 1-0

[Event "Autumn Cup 2024 Round Robin C"]
[Site "Wellington Chess Club"]
[Date "2024.06.13"]
[Round "4.2"]
[White "Tanoi, T Edward"]
[Black "Malcolm, Aidan"]
[Result "1/2-1/2"]
[WhiteElo "1915"]
[BlackElo "1858"]
[WhiteFideId "4302087"]
[BlackFideId "4315073"]
[PlyCount "0"]
[EventDate "2024.05.23"]
[SourceDate ""]

1. e4 e5 2. Nf3 Nc6 3. d4 exd4 4. Bc4 Nf6 5. O-O Nxe4 6. Re1 d5 7. Bxd5 Qxd5 8.
Nc3 Qh5 9. Nxe4 Be6 10. Bg5 Bb4 11. c3 dxc3 12. bxc3 Ba5 13. Qb3 O-O 14. Qxb7
Bd5 15. Rac1 Bb6 16. Qa6 Qg6 17. Qa4 Nd8 18. Be7 Bc6 19. Qc4 Re8 20. Ne5 Bxf2+
21. Kxf2 Qf5+ 22. Kg1 Bxe4 23. Rxe4 Rxe7 24. Rf1 Qe6 25. Qe2 Qb6+ 26. Kh1 Ne6
27. Rb4 Qc5 28. Rc4 Qd5 29. Rd1 Nf4 30. Rxd5 Nxe2 31. g3 Nc1 32. Nc6 Re1+ 33.
Kg2 Rae8 34. Nd4 Ne2 35. Rxc7 Nxd4 36. cxd4 R1e2+ 37. Kh3 Rxa2 38. Re5 Rd8 39.
d5 Rd2 40. Rxa7 g6 41. Ree7 R8xd5 42. Rxf7 Rh5+ 43. Kg4 Rhxh2 44. Rg7+ Kh8 45.
Rgf7 Rd8 46. Rfc7 Rf8 1/2-1/2

[Event "Autumn Cup 2024 Round Robin C"]
[Site "Wellington Chess Club"]
[Date "2024.06.13"]
[Round "4.3"]
[White "Benitez, Edgar"]
[Black "Ulm, Joy"]
[Result "1/2-1/2"]
[WhiteElo "1906"]
[BlackElo "1888"]
[WhiteFideId "4301315"]
[BlackFideId "4321081"]
[PlyCount "0"]
[EventDate "2024.05.23"]
[SourceDate ""]

1. d4 Nf6 2. c4 e6 3. Nc3 Bb4 4. Nf3 b6 5. e3 O-O 6. Bd3 Bb7 7. O-O Bxc3 8.
bxc3 c5 9. Re1 d5 10. cxd5 exd5 11. Ne5 Nbd7 12. f4 Qc7 13. Bf5 Rfe8 14. Bb2 g6
15. Bh3 Nxe5 16. fxe5 Ne4 17. Rf1 h5 18. Rc1 Ng5 19. Rf6 Nxh3+ 20. gxh3 Qd7 21.
Qf3 Re6 22. Rf1 Rf8 23. Qg3 Ba6 24. R1f2 Bd3 25. h4 Rxf6 26. Rxf6 Qg4 27. Qxg4
hxg4 28. Ba3 Rc8 29. dxc5 bxc5 30. Rd6 Bc4 31. Rd7 a6 32. Ra7 Rc6 33. Kf2 Bxa2
34. Kg3 Bc4 35. Kxg4 Bb5 36. Kg5 Rc8 37. e6 fxe6 38. Kxg6 e5 39. Rg7+ Kh8 40.
Rh7+ Kg8 41. Rg7+ Kf8 42. Rf7+ Kg8 43. Rg7+ 1/2-1/2

[Event "Autumn Cup 2024 Round Robin C"]
[Site "Wellington Chess Club"]
[Date "2024.06.20"]
[Round "5.1"]
[White "Ulm, Joy"]
[Black "Thirkell, Zachary"]
[Result "1/2-1/2"]
[WhiteElo "1888"]
[BlackElo "1830"]
[WhiteFideId "4321081"]
[BlackFideId "4322207"]
[PlyCount "0"]
[EventDate "2024.05.23"]
[SourceDate ""]

1. d4 d5 2. c4 c6 3. cxd5 cxd5 4. Bf4 Nf6 5. Nc3 a6 6. e3 e6 7. Nf3 Nc6 8. Bd3
Bd6 9. Bg3 O-O 10. Rc1 Qe7 11. Ne5 Bxe5 12. Bxe5 Nxe5 13. dxe5 Nd7 14. f4 f6
15. exf6 Nxf6 16. O-O e5 17. Bc2 exf4 18. exf4 Qe3+ 19. Kh1 d4 20. Ne2 Bg4 21.
Re1 Bxe2 22. Qxe2 Qxf4 23. Rf1 Qd6 24. Qd3 g6 25. Qb3+ Qd5 26. Qxd5+ (26. Rxf6)
26... Nxd5 27. Bb3 Rxf1+ 28. Rxf1 Rd8 29. Rd1 Kg7 30. Rxd4 Re8 31. h3 Nf6 32.
Rd2 Re7 33. Kh2 Rd7 34. Rxd7+ Nxd7 35. Bd5 b6 36. Kg3 Kf6 37. Kf4 Nc5 38. b3 b5
39. Bc6 b4 40. Ke3 Ke5 41. Bf3 a5 42. Bc6 g5 43. Bf3 h6 44. Bc6 1/2-1/2

[Event "Autumn Cup 2024 Round Robin C"]
[Site "Wellington Chess Club"]
[Date "2024.06.20"]
[Round "5.2"]
[White "Malcolm, Aidan"]
[Black "Benitez, Edgar"]
[Result "1-0"]
[WhiteElo "1858"]
[BlackElo "1906"]
[WhiteFideId "4315073"]
[BlackFideId "4301315"]
[PlyCount "0"]
[EventDate "2024.05.23"]
[SourceDate ""]

1. e4 g6 2. d4 Bg7 3. Nc3 d6 4. Be3 Nf6 5. f3 O-O 6. Qd2 Nbd7 7. O-O-O c6 8. h4
b5 9. Bh6 b4 10. Nce2 Qa5 11. Kb1 Nb6 12. Nc1 Be6 13. Bxg7 Kxg7 14. Nb3 Bxb3
15. cxb3 h5 16. Nh3 e5 17. Qg5 Nh7 18. Qe3 Rae8 19. g4 Nf6 20. gxh5 Nxh5 21.
Qg5 f6 22. Qg4 Kh7 23. Bd3 Re7 24. f4 exf4 25. Nxf4 Nxf4 26. Qxf4 d5 27. h5 g5
28. e5+ Kg7 29. Qf5 fxe5 30. h6+ Kh8 31. Qxf8# 1-0

[Event "Autumn Cup 2024 Round Robin C"]
[Site "Wellington Chess Club"]
[Date "2024.06.20"]
[Round "5.3"]
[White "Keith, Matthew"]
[Black "Tanoi, T Edward"]
[Result "1/2-1/2"]
[WhiteElo "1846"]
[BlackElo "1915"]
[WhiteFideId "4320913"]
[BlackFideId "4302087"]
[PlyCount "0"]
[EventDate "2024.05.23"]
[SourceDate ""]

1. Nf3 Nf6 2. c4 e6 3. d4 d5 4. g3 Be7 5. Bg2 O-O 6. O-O c5 7. cxd5 exd5 8. Nc3
cxd4 9. Nxd4 Nc6 10. Bg5 Be6 11. Rc1 h6 12. Bxf6 Bxf6 13. Nxe6 fxe6 14. e3 Bxc3
15. Rxc3 Qe7 16. Qg4 Ne5 17. Qe2 Rac8 18. Rfc1 Rc6 19. Rxc6 Nxc6 20. Qd2 Rd8
21. h4 Qf7 22. Rd1 Ne5 23. Qe2 Nc6 24. Qd2 1/2-1/2

[Event "Autumn Cup 2024 Round Robin D"]
[Site "Wellington Chess Club"]
[Date "2024.05.23"]
[Round "1.1"]
[White "Chang, Luke"]
[Black "Gunawan, Geoffrey"]
[Result "1-0"]
[WhiteElo "1824"]
[BlackElo "1724"]
[WhiteFideId "4325605"]
[BlackFideId "4311450"]
[PlyCount "0"]
[EventDate "2024.05.23"]
[SourceDate ""]

1. d4 d5 2. c4 c6 3. Nc3 Nf6 4. cxd5 cxd5 5. Nf3 Nc6 6. Bf4 Bf5 7. e3 e6 8. a3
Qb6 9. Bb5 Be7 10. O-O O-O 11. b4 Ne4 12. Nxe4 dxe4 13. Bxc6 Qxc6 14. Ne5 Qe8
15. Qb3 f6 16. Nc4 Qg6 17. Rac1 Bh3 18. Bg3 Bg4 19. Nd2 Rac8 20. h3 Bf5 21.
Rxc8 Rxc8 22. Nxe4 Bxh3 23. Nc5 Bg4 24. Nxe6 Kh8 25. Nf4 Qf5 26. Qd5 g5 27.
Qxf5 Bxf5 28. Nd5 Bd8 29. f3 Be6 30. e4 Bxd5 31. exd5 Bb6 32. Bf2 Rd8 33. Re1
Rxd5 34. Re7 Kg8 35. Rxb7 h5 36. a4 Bxd4 37. Bxd4 Rxd4 38. a5 g4 39. fxg4 hxg4
40. Kf2 Kf8 41. a6 Ke8 42. Rxa7 Kd8 43. Rb7 Kc8 44. b5 f5 45. b6 Rd6 46. Rc7+
Kb8 47. Kg3 Re6 48. a7+ Ka8 49. Rc8+ Kb7 1-0

[Event "Autumn Cup 2024 Round Robin D"]
[Site "Wellington Chess Club"]
[Date "2024.05.23"]
[Round "1.2"]
[White "Aldridge, Alan L"]
[Black "Stoeveken, Peter"]
[Result "1/2-1/2"]
[WhiteElo "1817"]
[BlackElo "1739"]
[WhiteFideId "4301528"]
[BlackFideId "4304098"]
[PlyCount "0"]
[EventDate "2024.05.23"]
[SourceDate ""]

1. d4 Nf6 2. Bf4 Nc6 3. Nf3 d5 4. e3 Bg4 5. Be2 e6 6. h3 Bxf3 7. Bxf3 Bd6 8.
Bxd6 Qxd6 9. c3 O-O 10. O-O Ne7 11. Nd2 Nd7 12. c4 c6 13. Qb3 Rab8 14. e4 dxe4
15. Nxe4 Qf4 16. Rad1 Rfd8 17. Rfe1 Nf6 18. g3 Qh6 19. Kg2 Nf5 20. Nxf6+ Qxf6
21. d5 Nd4 22. Qc3 Qxf3+ 23. Qxf3 Nxf3 24. Kxf3 cxd5 25. cxd5 Rxd5 26. Rxd5
exd5 27. Re7 Kf8 28. Rd7 a6 1/2-1/2

[Event "Autumn Cup 2024 Round Robin D"]
[Site "Wellington Chess Club"]
[Date "2024.05.23"]
[Round "1.3"]
[White "Saglam, Yigit"]
[Black "Sethuramalingam, Karthik"]
[Result "1-0"]
[WhiteElo "1803"]
[BlackElo "1748"]
[WhiteFideId "0"]
[BlackFideId "4320964"]
[PlyCount "0"]
[EventDate "2024.05.23"]
[SourceDate ""]

1. d4 d5 2. Bf4 c5 3. e3 Nc6 4. Nd2 cxd4 5. Bb5 dxe3 6. Bxe3 e5 7. Ngf3 Bd6 8.
c4 d4 9. Bg5 f6 10. Bh4 g5 11. Bg3 h5 12. h3 h4 13. Bh2 a6 14. Ba4 Bf5 15. O-O
g4 16. hxg4 Bxg4 17. Qc2 Ne7 18. Rfe1 h3 19. Nxd4 Rg8 20. Qh7 Qb6 21. Nxc6 bxc6
22. Ne4 Bf5 23. Nxd6+ Kd8 24. Qh4 Rxg2+ 25. Kh1 Rg4 26. Qxf6 Qxf2 27. Nb7+ Ke8
28. Bxc6+ Nxc6 29. Qxc6+ Kf8 30. Qc5+ Qxc5 31. Nxc5 Rc8 32. Rf1 Rxc5 33. Rxf5+
Kg8 34. Rg1 Rxc4 35. Rxg4+ Rxg4 36. Bxe5 Rh4 37. Kh2 Rh6 38. Rf6 Rh5 39. Bc3 a5
40. Ra6 Kf7 41. Rxa5 Rxa5 42. Bxa5 Ke6 43. Kxh3 Kd5 44. Bc3 Kc4 45. Kg4 Kb5 46.
Kf4 Ka4 47. Ke4 Kb5 48. Kd3 Ka4 49. Kc2 Kb5 50. Kb3 Kc5 51. Ka4 Kb6 52. Kb4 Ka6
53. a3 Kb6 54. a4 Ka6 55. Kc5 Ka7 56. Kc6 Ka6 57. b4 Ka7 58. b5 Ka8 59. Kb6 Kb8
60. Bh8 Ka8 61. Kc7 Ka7 62. b6+ 1-0